[Event "41. Torneo Internacional de La Roda"]
[Site "La Roda ESP"]
[Date "2014.04.18"]
[Round "5.12"]
[White "Martinez Lopez, David"]
[Black "Rubio Mejia, Luis Ignacio"]
[Result "1/2-1/2"]
[WhiteElo "2229"]
[BlackElo "2457"]
[PlyCount "42"]
[EventDate "2014.04.16"]
[EventType "swiss"]
[EventRounds "9"]
[EventCountry "ESP"]
[Source "lmi"]
[SourceDate "2014.04.16"]

1. e4 c5 2. Nf3 e6 3. d4 cxd4 4. Nxd4 Nc6 5. Nc3 Qc7 6. f4 a6 7. Be2 b5 8. Nxc6
Qxc6 9. Bf3 Bb7 10. Be3 b4 11. e5 Qc7 12. Ne4 Nh6 13. Qd3 Rd8 14. Rd1 Nf5 15.
Nd6+ Bxd6 16. exd6 Qb8 17. O-O Bxf3 18. Rxf3 Qb7 19. Bf2 f6 20. Qe2 Qc6 21.
Rdd3 h5 1/2-1/2

[Event "41. Torneo Internacional de La Roda"]
[Site "La Roda ESP"]
[Date "2014.04.18"]
[Round "5.13"]
[White "Gertosio, Franck"]
[Black "Barria Zuniga, Daniel"]
[Result "1/2-1/2"]
[WhiteElo "2205"]
[BlackElo "2452"]
[PlyCount "44"]
[EventDate "2014.04.16"]
[EventType "swiss"]
[EventRounds "9"]
[EventCountry "ESP"]
[Source "lmi"]
[SourceDate "2014.04.16"]

1. e4 g6 2. d4 Bg7 3. Nc3 c6 4. Be3 Qb6 5. a3 d6 6. Bc4 Nd7 7. Nf3 e6 8. O-O d5
9. exd5 cxd5 10. Bxd5 exd5 11. Nxd5 Qc6 12. Nb4 Qb5 13. Re1 Kf8 14. Bf4 Bh6 15.
c4 Qxc4 16. Qd2 Kg7 17. Rac1 Qb3 18. d5 Bxf4 19. Qxf4 Ngf6 20. Nd4 Qxb2 21.
Nf5+ gxf5 22. Qg5+ Kf8 1/2-1/2

[Event "41. Torneo Internacional de La Roda"]
[Site "La Roda ESP"]
[Date "2014.04.18"]
[Round "5.14"]
[White "Ramiro Ovejero, Juan Luis"]
[Black "Picazo Lopez, Juan Antonio"]
[Result "0-1"]
[WhiteElo "2382"]
[BlackElo "2205"]
[PlyCount "114"]
[EventDate "2014.04.16"]
[EventType "swiss"]
[EventRounds "9"]
[EventCountry "ESP"]
[Source "lmi"]
[SourceDate "2014.04.16"]

1. e4 d5 2. exd5 Nf6 3. Nf3 Nxd5 4. d4 g6 5. c4 Nb6 6. h3 Bg7 7. Nc3 O-O 8. Be3
Nc6 9. Qd2 e5 10. d5 Ne7 11. g4 f5 12. O-O-O fxg4 13. Ng5 g3 14. c5 g2 15. Bxg2
Nc4 16. Qe2 Nxe3 17. fxe3 Nf5 18. h4 h6 19. Ne6 Bxe6 20. dxe6 Qe7 21. Ne4 Rad8
22. h5 Qxe6 23. Kb1 g5 24. Rxd8 Rxd8 25. Bh3 Rf8 26. Ng3 Qc6 27. Bxf5 Rxf5 28.
e4 Rf4 29. Qc4+ Kh8 30. Rd1 b5 31. Qc2 a5 32. Rd5 Rf3 33. Qg2 Rf7 34. Qh3 Rf3
35. Qg4 Rf4 36. Qd7 Qf6 37. Qxc7 Rg4 38. Nf5 Rxe4 39. Qxg7+ Qxg7 40. Nxg7 Kxg7
41. Rd7+ Kf6 42. Rd6+ Kf5 43. b3 g4 44. c6 Re3 45. Rxh6 Rc3 46. Rd6 g3 47. h6
g2 48. Rd1 Rxc6 49. Rg1 Rxh6 50. Rxg2 Rc6 51. Rf2+ Ke4 52. Re2+ Kd4 53. Rd2+
Ke4 54. Re2+ Kf4 55. Rf2+ Ke3 56. Rf5 Kd4 57. Kb2 b4 0-1

[Event "41. Torneo Internacional de La Roda"]
[Site "La Roda ESP"]
[Date "2014.04.18"]
[Round "5.15"]
[White "Moreno Ibanez, Miguel"]
[Black "Garcia, Jhoel"]
[Result "0-1"]
[WhiteElo "2180"]
[BlackElo "2367"]
[PlyCount "104"]
[EventDate "2014.04.16"]
[EventType "swiss"]
[EventRounds "9"]
[EventCountry "ESP"]
[Source "lmi"]
[SourceDate "2014.04.16"]

1. e4 c5 2. Nf3 d6 3. d4 cxd4 4. Nxd4 Nf6 5. Nc3 g6 6. Be3 Bg7 7. f3 Nc6 8. Qd2
Bd7 9. O-O-O O-O 10. h4 h5 11. Kb1 Rc8 12. Nb3 a6 13. Bh6 Ne5 14. Be2 Nc4 15.
Bxc4 Rxc4 16. Bxg7 Kxg7 17. Nd5 Nxd5 18. exd5 Bf5 19. Nd4 Qc8 20. Rhe1 Re8 21.
Rc1 Rc5 22. Nb3 Rc7 23. Nd4 Qd7 24. b3 Rc5 25. Nxf5+ Qxf5 26. Red1 Rec8 27.
Qd4+ Kg8 28. Rd3 b5 29. g4 hxg4 30. fxg4 Qe5 31. Qxe5 dxe5 32. d6 exd6 33. Rxd6
a5 34. Ra6 b4 35. h5 gxh5 36. gxh5 R8c6 37. Ra8+ Rc8 38. Ra7 R8c7 39. Ra8+ Kh7
40. c4 bxc3 41. Rg1 c2+ 42. Kc1 Rd5 43. h6 f5 44. Ra6 e4 45. Re6 Rd4 46. Rf1 f4
47. Re5 e3 48. Re6 Rd3 49. Re1 f3 50. R6xe3 f2 51. Re7+ Rxe7 52. Rxe7+ Kg6 0-1

[Event "41. Torneo Internacional de La Roda"]
[Site "La Roda ESP"]
[Date "2014.04.18"]
[Round "5.16"]
[White "Aguera Naredo, Javier"]
[Black "Vasques, Antonio Pedro Freix"]
[Result "1-0"]
[WhiteElo "2362"]
[BlackElo "2201"]
[PlyCount "109"]
[EventDate "2014.04.16"]
[EventType "swiss"]
[EventRounds "9"]
[EventCountry "ESP"]
[Source "lmi"]
[SourceDate "2014.04.16"]

1. e4 c5 2. Nf3 d6 3. d4 cxd4 4. Nxd4 Nf6 5. Nc3 a6 6. Bc4 e6 7. Bd3 b5 8. Bg5
Be7 9. Qf3 Qc7 10. Bxf6 Bxf6 11. O-O-O Ra7 12. Qe3 Qc5 13. g4 O-O 14. h4 Bd7
15. g5 Bd8 16. a3 Rc7 17. Na2 a5 18. c3 b4 19. axb4 axb4 20. c4 Na6 21. Kb1 Qa5
22. Bc2 Nc5 23. Nb3 Nxb3 24. Qxb3 Be7 25. Qd3 Ra8 26. Bb3 Bc6 27. Rhe1 g6 28.
f4 Bf8 29. h5 Qc5 30. Rd2 Rca7 31. h6 Ra5 32. Qe3 Qxe3 33. Rxe3 Rb8 34. Rde2
Be7 35. Rg3 Bd7 36. Bc2 f6 37. gxf6 Bxf6 38. Rd2 Rba8 39. Bb3 Bc6 40. Re3 Ba4
41. Nc1 Be7 42. c5 dxc5 43. Bxe6+ Kf8 44. Nd3 Rd8 45. Bd5 Be8 46. Ne5 Ra6 47.
Rf3 Bf6 48. Nd3 Be7 49. Rc2 Bf7 50. Nxc5 Rb6 51. f5 Bxc5 52. fxg6 Rxg6 53. Rxc5
Rg1+ 54. Kc2 b3+ 55. Kxb3 1-0

[Event "41. Torneo Internacional de La Roda"]
[Site "La Roda ESP"]
[Date "2014.04.18"]
[Round "5.17"]
[White "Aymerich Rosell, Pablo"]
[Black "Camarena Gimenez, Rufino"]
[Result "0-1"]
[WhiteElo "2157"]
[BlackElo "2359"]
[PlyCount "50"]
[EventDate "2014.04.16"]
[EventType "swiss"]
[EventRounds "9"]
[EventCountry "ESP"]
[Source "lmi"]
[SourceDate "2014.04.16"]

1. d4 Nf6 2. c4 g6 3. Nc3 Bg7 4. e4 d6 5. f3 O-O 6. Be3 c5 7. Nge2 Nc6 8. d5
Ne5 9. Ng3 e6 10. Be2 exd5 11. cxd5 h5 12. O-O a6 13. a4 Bd7 14. h3 b5 15. f4
Nc4 16. Bxc4 bxc4 17. Qf3 Rb8 18. Rf2 Ng4 19. Nxh5 Nxf2 20. Nxg7 Nd3 21. f5 Qh4
22. f6 Rxb2 23. Rf1 Ne1 24. Rxe1 Qxe1+ 25. Kh2 Qxc3 0-1

[Event "41. Torneo Internacional de La Roda"]
[Site "La Roda ESP"]
[Date "2014.04.18"]
[Round "5.18"]
[White "Lopez Mulet, Inigo"]
[Black "Santos Ruiz, Miguel"]
[Result "0-1"]
[WhiteElo "2149"]
[BlackElo "2344"]
[PlyCount "46"]
[EventDate "2014.04.16"]
[EventType "swiss"]
[EventRounds "9"]
[EventCountry "ESP"]
[Source "lmi"]
[SourceDate "2014.04.16"]

1. d4 e6 2. c4 Bb4+ 3. Bd2 Bxd2+ 4. Qxd2 Nf6 5. Nc3 O-O 6. e4 d5 7. cxd5 exd5
8. e5 Ne4 9. Qc2 Nc6 10. Rd1 Bf5 11. Qb3 Nxc3 12. bxc3 Na5 13. Qb4 c5 14. dxc5
Nc6 15. Qxb7 Nxe5 16. Be2 Re8 17. Kf1 Qa5 18. Qxd5 Rad8 19. Qb3 Rb8 20. Qd5
Qxc3 21. Nf3 Bc2 22. Qd2 Qxd2 23. Rxd2 Rb1+ 0-1

[Event "41. Torneo Internacional de La Roda"]
[Site "La Roda ESP"]
[Date "2014.04.18"]
[Round "5.19"]
[White "Aranaz Portugues, Jose Carlos"]
[Black "Cruz Lledo, Pablo"]
[Result "0-1"]
[WhiteElo "2140"]
[BlackElo "2339"]
[PlyCount "62"]
[EventDate "2014.04.16"]
[EventType "swiss"]
[EventRounds "9"]
[EventCountry "ESP"]
[Source "lmi"]
[SourceDate "2014.04.16"]

1. d4 d5 2. c4 dxc4 3. Nf3 Nf6 4. e3 g6 5. Bxc4 Bg7 6. O-O O-O 7. b4 Nfd7 8.
Bb2 c5 9. bxc5 Nxc5 10. Nc3 Ncd7 11. Qe2 Nc6 12. Rfd1 Nb6 13. Bb5 Bd7 14. Ba3
Rc8 15. Rac1 a6 16. Bd3 Re8 17. Ne4 Bf5 18. Nc5 Bxd3 19. Rxd3 Na5 20. Rb1 Qc7
21. Bb4 Nc6 22. Ba3 Na7 23. Rdb3 Nb5 24. Bb4 Nd5 25. Bd2 e5 26. a4 exd4 27.
axb5 Qxc5 28. Rc1 Qxc1+ 29. Bxc1 Rxc1+ 30. Ne1 dxe3 31. Kf1 Nc3 0-1

[Event "41. Torneo Internacional de La Roda"]
[Site "La Roda ESP"]
[Date "2014.04.18"]
[Round "5.20"]
[White "Cabezas Ayala, Ivan"]
[Black "Rubio Tent, Francisco"]
[Result "1-0"]
[WhiteElo "2328"]
[BlackElo "2185"]
[PlyCount "131"]
[EventDate "2014.04.16"]
[EventType "swiss"]
[EventRounds "9"]
[EventCountry "ESP"]
[Source "lmi"]
[SourceDate "2014.04.16"]

1. e4 c6 2. d4 d5 3. exd5 cxd5 4. c4 Nf6 5. Nc3 g6 6. Qb3 Bg7 7. cxd5 O-O 8.
Nge2 Na6 9. g3 Qb6 10. Bg2 Qxb3 11. axb3 Nb4 12. O-O Rd8 13. Ra5 a6 14. Bf4 Rd7
15. Na4 Nbxd5 16. Rxd5 Nxd5 17. Bxd5 Rxd5 18. Nb6 Bh3 19. Nxd5 Bxf1 20. Kxf1
Rd8 21. Ndc3 Bxd4 22. Nxd4 Rxd4 23. Na4 Rb4 24. Nc5 a5 25. Bd2 Rb5 26. b4 axb4
27. Nd3 b3 28. Ke2 e5 29. f3 f6 30. Bc3 Kf7 31. Ke3 b6 32. f4 exf4+ 33. Nxf4 g5
34. Ne2 Kg6 35. Nd4 Re5+ 36. Kf2 f5 37. Nxb3 Re8 38. Nd4 Re4 39. Nf3 Re6 40. h4
h6 41. Bd2 gxh4 42. Nxh4+ Kf6 43. Bxh6 Ke5 44. Nf3+ Kd5 45. Bg7 Rg6 46. Bc3 Ke4
47. Nd2+ Kd3 48. Kf3 Rg4 49. Nb3 b5 50. Nc5+ Kc2 51. Ne6 b4 52. Bh8 Kd3 53. Be5
Kc4 54. Ng7 Re4 55. Bf6 Re1 56. Nxf5 Rf1+ 57. Ke4 Rg1 58. Ne3+ Kb3 59. g4 Ka2
60. Bd4 b3 61. Kf4 Rb1 62. g5 Rxb2 63. Bxb2 Kxb2 64. g6 Kc3 65. g7 b2 66. Nd1+
1-0

[Event "41. Torneo Internacional de La Roda"]
[Site "La Roda ESP"]
[Date "2014.04.19"]
[Round "6.1"]
[White "Forcen Esteban, Daniel"]
[Black "Perez Candelario, Manuel"]
[Result "1-0"]
[WhiteElo "2498"]
[BlackElo "2561"]
[PlyCount "63"]
[EventDate "2014.04.16"]
[EventType "swiss"]
[EventRounds "9"]
[EventCountry "ESP"]
[Source "lmi"]
[SourceDate "2014.04.16"]

1. d4 d5 2. c4 e6 3. Nf3 Nf6 4. e3 a6 5. b3 c5 6. Bd3 Nc6 7. Bb2 cxd4 8. exd4
b6 9. O-O Bb7 10. Nbd2 Be7 11. Rc1 dxc4 12. bxc4 O-O 13. Qe2 Re8 14. Rfd1 Bf8
15. Ne4 Nxe4 16. Bxe4 Qe7 17. Rc3 g6 18. Re3 Bh6 19. d5 exd5 20. cxd5 Na5 21.
d6 Qd7 22. Qd3 Qa4 23. d7 Rf8 24. d8=Q Raxd8 25. Qxd8 Nc4 26. Qd4 Nxb2 27. Qxa4
Nxa4 28. Bxb7 Bxe3 29. fxe3 a5 30. Rc1 Nc5 31. Bd5 Re8 32. Rb1 1-0

[Event "41. Torneo Internacional de La Roda"]
[Site "La Roda ESP"]
[Date "2014.04.19"]
[Round "6.2"]
[White "Peralta, Fernando"]
[Black "Buscara, Sevan"]
[Result "1-0"]
[WhiteElo "2615"]
[BlackElo "2345"]
[PlyCount "55"]
[EventDate "2014.04.16"]
[EventType "swiss"]
[EventRounds "9"]
[EventCountry "ESP"]
[Source "lmi"]
[SourceDate "2014.04.16"]

1. d4 g6 2. c4 Bg7 3. Nf3 c5 4. d5 d6 5. e4 e6 6. Nc3 a6 7. dxe6 Bxe6 8. Bf4
Nc6 9. Bxd6 Bxc3+ 10. bxc3 Qa5 11. Qc1 O-O-O 12. e5 Nf6 13. Be2 Ne4 14. O-O
Nxd6 15. exd6 Rxd6 16. Ng5 f5 17. Nxe6 Rxe6 18. Bf3 Rhe8 19. h3 Qa4 20. Bd5 Re2
21. Rd1 Qc2 22. Qf4 R8e5 23. Qh6 Re7 24. Bxc6 bxc6 25. Qf8+ Re8 26. Qd6 Rxf2
27. Qxc6+ Kb8 28. Rdb1+ 1-0

[Event "41. Torneo Internacional de La Roda"]
[Site "La Roda ESP"]
[Date "2014.04.19"]
[Round "6.3"]
[White "Burmakin, Vladimir"]
[Black "Plaskett, H James"]
[Result "1-0"]
[WhiteElo "2561"]
[BlackElo "2496"]
[PlyCount "45"]
[EventDate "2014.04.16"]
[EventType "swiss"]
[EventRounds "9"]
[EventCountry "ESP"]
[Source "lmi"]
[SourceDate "2014.04.16"]

1. d4 Nf6 2. Nf3 e6 3. c4 b6 4. g3 Ba6 5. b3 Bb4+ 6. Bd2 Bxd2+ 7. Qxd2 d5 8.
cxd5 exd5 9. Bg2 O-O 10. O-O Re8 11. Re1 Ne4 12. Qb2 Nd7 13. e3 Rc8 14. Nc3 Bb7
15. Rac1 a6 16. Red1 Qe7 17. Bh3 g6 18. Ne2 Nxf2 19. Kxf2 Qxe3+ 20. Kg2 Qxe2+
21. Qxe2 Rxe2+ 22. Kf1 Re7 23. Re1 1-0

[Event "41. Torneo Internacional de La Roda"]
[Site "La Roda ESP"]
[Date "2014.04.19"]
[Round "6.4"]
[White "Del Rio De Angelis, Salvador G"]
[Black "Matamoros Franco, Carlos S"]
[Result "1/2-1/2"]
[WhiteElo "2507"]
[BlackElo "2537"]
[PlyCount "51"]
[EventDate "2014.04.16"]
[EventType "swiss"]
[EventRounds "9"]
[EventCountry "ESP"]
[Source "lmi"]
[SourceDate "2014.04.16"]

1. d4 e6 2. c4 Bb4+ 3. Bd2 Bxd2+ 4. Qxd2 Nf6 5. Nc3 O-O 6. Nf3 d5 7. e3 Qe7 8.
Bd3 dxc4 9. Bxc4 c5 10. O-O Rd8 11. Qe2 cxd4 12. exd4 Nc6 13. Rad1 a6 14. Rfe1
b5 15. Bd3 Nb4 16. Bb1 Bb7 17. a4 Nbd5 18. Nxd5 Bxd5 19. axb5 axb5 20. Ne5 Qb7
21. f3 Qb6 22. Qf2 g6 23. Re3 Kg7 24. f4 Ng8 25. Rc3 Ra7 26. Qe3 1/2-1/2

[Event "41. Torneo Internacional de La Roda"]
[Site "La Roda ESP"]
[Date "2014.04.19"]
[Round "6.5"]
[White "Arribas Lopez, Angel"]
[Black "Gonzalez Trigal, Jose Luis"]
[Result "1-0"]
[WhiteElo "2476"]
[BlackElo "2231"]
[PlyCount "115"]
[EventDate "2014.04.16"]
[EventType "swiss"]
[EventRounds "9"]
[EventCountry "ESP"]
[Source "lmi"]
[SourceDate "2014.04.16"]

1. e4 c5 2. Nf3 d6 3. d4 cxd4 4. Nxd4 Nf6 5. f3 e5 6. Nb3 Be6 7. c4 Qc7 8. Na3
a6 9. Be3 Nbd7 10. Be2 Be7 11. O-O O-O 12. Rc1 Rac8 13. Nc2 Qb8 14. Nb4 Rc7 15.
Rc3 Rfc8 16. Qc2 Nc5 17. Nxc5 dxc5 18. Nd5 Bxd5 19. exd5 Ne8 20. Rb3 b5 21. f4
Bf6 22. g4 g6 23. g5 Bg7 24. f5 gxf5 25. Rxf5 Nd6 26. Rf6 Rb7 27. cxb5 c4 28.
Ra3 Rxb5 29. Bc1 Qb6+ 30. Be3 Qb8 31. Bc1 Qb6+ 32. Be3 Qb8 33. Bc1 Qb6+ 34. Kf1
Rxd5 35. Rh3 e4 36. Qxe4 Nxe4 37. Rxb6 Rd6 38. Rxd6 Nxd6 39. Ra3 Rc6 40. Ra4
Rb6 41. Be3 Rxb2 42. Rxa6 Be5 43. Ra5 Bc3 44. Rd5 Ne4 45. Bxc4 Rxh2 46. Kg1 Rb2
47. Rd7 Nd2 48. Bxf7+ Kg7 49. Bh5+ Kg8 50. a4 Ne4 51. Bf3 Rb4 52. a5 Nxg5 53.
Bxg5 Rb1+ 54. Kg2 Bxa5 55. Bh6 Rb2+ 56. Kh3 Rb3 57. Kg4 Rb4+ 58. Kf5 1-0

[Event "41. Torneo Internacional de La Roda"]
[Site "La Roda ESP"]
[Date "2014.04.19"]
[Round "6.6"]
[White "Valmana Canto, Jaime"]
[Black "Strikovic, Aleksa"]
[Result "1-0"]
[WhiteElo "2310"]
[BlackElo "2533"]
[PlyCount "71"]
[EventDate "2014.04.16"]
[EventType "swiss"]
[EventRounds "9"]
[EventCountry "ESP"]
[Source "lmi"]
[SourceDate "2014.04.16"]

1. d4 d6 2. Nf3 Nf6 3. g3 g6 4. Bg2 Bg7 5. O-O O-O 6. c4 c6 7. Nc3 Qa5 8. e4 e5
9. d5 cxd5 10. cxd5 b5 11. Nd2 b4 12. Na4 Bg4 13. f3 Bd7 14. b3 Rc8 15. a3 Bxa4
16. bxa4 Na6 17. Nb3 Qxa4 18. axb4 Qb5 19. Be3 Nxb4 20. Rf2 Qd3 21. Qxd3 Nxd3
22. Rfa2 Rc3 23. Ra3 Rac8 24. Bd2 Rc2 25. Bh3 R8c7 26. Rxa7 Rxa7 27. Rxa7 h5
28. Bf1 Nc5 29. Rc7 Rb2 30. Nxc5 Rxd2 31. Nb7 h4 32. Nxd6 hxg3 33. hxg3 Nh5 34.
Nxf7 Nxg3 35. Bc4 Rc2 36. d6 1-0

[Event "41. Torneo Internacional de La Roda"]
[Site "La Roda ESP"]
[Date "2014.04.19"]
[Round "6.7"]
[White "Sanchez Botella, Luis Javier"]
[Black "Maiorov, Nikita"]
[Result "0-1"]
[WhiteElo "2236"]
[BlackElo "2522"]
[PlyCount "112"]
[EventDate "2014.04.16"]
[EventType "swiss"]
[EventRounds "9"]
[EventCountry "ESP"]
[Source "lmi"]
[SourceDate "2014.04.16"]

1. d4 Nf6 2. c4 e6 3. Nf3 b6 4. g3 Bb7 5. Bg2 Be7 6. O-O O-O 7. d5 Na6 8. Nd4
Nc5 9. Nc3 a5 10. e4 e5 11. Nf5 Ne8 12. b3 Bf6 13. Qc2 d6 14. Bb2 Bc8 15. Rae1
g6 16. Ne3 Bg7 17. f4 exf4 18. gxf4 Rb8 19. a3 Nf6 20. Nb5 Re8 21. e5 Nh5 22.
exd6 cxd6 23. Bxg7 Nxg7 24. b4 Na6 25. Qc3 Ra8 26. Nc2 Rf8 27. Ncd4 axb4 28.
axb4 Qf6 29. Qd2 Nf5 30. Nxf5 Bxf5 31. Re3 Bd7 32. Qd4 Qxd4 33. Nxd4 Rfc8 34.
Rc1 Nxb4 35. Rb3 Ra4 36. Bf1 Nxd5 37. Rd1 Bg4 38. Re1 Nxf4 39. Re4 g5 40. Rg3
h5 41. h3 d5 42. Ree3 dxc4 43. hxg4 h4 44. Ra3 hxg3 45. Rxa4 c3 46. Ra2 Kg7 47.
Rc2 Kf6 48. Nf5 b5 49. Nd6 Rd8 50. Nxb5 Rd2 51. Rxd2 cxd2 52. Nc3 Ke5 53. Nd1
Ke4 54. Bb5 Kf3 55. Bf1 g2 56. Bxg2+ Nxg2 0-1

[Event "41. Torneo Internacional de La Roda"]
[Site "La Roda ESP"]
[Date "2014.04.19"]
[Round "6.8"]
[White "Paunovic, Dragan"]
[Black "Cabezas Ayala, Ivan"]
[Result "1-0"]
[WhiteElo "2497"]
[BlackElo "2328"]
[PlyCount "79"]
[EventDate "2014.04.16"]
[EventType "swiss"]
[EventRounds "9"]
[EventCountry "ESP"]
[Source "lmi"]
[SourceDate "2014.04.16"]

1. Nf3 Nf6 2. g3 g6 3. Bg2 Bg7 4. O-O O-O 5. c4 d6 6. Nc3 e5 7. d4 Nbd7 8. Qc2
c6 9. Rd1 Qe7 10. e4 exd4 11. Nxd4 Re8 12. f3 Ne5 13. b3 Nfd7 14. Bb2 Nc5 15.
Nce2 a5 16. Rab1 h5 17. h3 Kh7 18. Kh1 Qc7 19. a3 Qe7 20. Ba1 Qf8 21. b4 axb4
22. axb4 Na4 23. f4 Nd7 24. Nf3 Nf6 25. Ng5+ Kg8 26. Qd3 d5 27. cxd5 cxd5 28.
e5 Bf5 29. Qb5 Ne4 30. Nxe4 Bxe4 31. Bxe4 dxe4 32. Qxb7 e3 33. Qe4 Red8 34. e6
Re8 35. Bxg7 Qxg7 36. Rd7 Qf6 37. exf7+ Qxf7 38. Qd4 Qf8 39. Qd5+ Kh8 40. Rf7
1-0

[Event "41. Torneo Internacional de La Roda"]
[Site "La Roda ESP"]
[Date "2014.04.19"]
[Round "6.9"]
[White "Dias, Paulo"]
[Black "Sanchez Saez, Francisco"]
[Result "1-0"]
[WhiteElo "2401"]
[BlackElo "2298"]
[PlyCount "63"]
[EventDate "2014.04.16"]
[EventType "swiss"]
[EventRounds "9"]
[EventCountry "ESP"]
[Source "lmi"]
[SourceDate "2014.04.16"]

1. d4 g6 2. Nf3 Nf6 3. c4 Bg7 4. g3 O-O 5. Bg2 d6 6. O-O Nbd7 7. Nc3 e5 8. h3
c6 9. e4 Qb6 10. dxe5 Nxe5 11. Nxe5 dxe5 12. Be3 Qxb2 13. Na4 Qb4 14. Bc5 Qxc4
15. Bxf8 Bxf8 16. Nb2 Qb4 17. Qe2 Be6 18. Rfd1 Qb6 19. Nd3 Bc4 20. Rab1 Qa6 21.
Qf3 Bxd3 22. Rxd3 Kg7 23. Rdb3 Bc5 24. Rxb7 Bb6 25. Re7 Qxa2 26. Rd1 Bd4 27.
Rb7 c5 28. g4 h6 29. Bf1 Nxe4 30. Rxd4 Ng5 31. Qd5 Nf3+ 32. Kh1 1-0

[Event "41. Torneo Internacional de La Roda"]
[Site "La Roda ESP"]
[Date "2014.04.19"]
[Round "6.10"]
[White "Garcia, Jhoel"]
[Black "Quintin Navarro, Alberto"]
[Result "1/2-1/2"]
[WhiteElo "2367"]
[BlackElo "2296"]
[PlyCount "172"]
[EventDate "2014.04.16"]
[EventType "swiss"]
[EventRounds "9"]
[EventCountry "ESP"]
[Source "lmi"]
[SourceDate "2014.04.16"]

1. d4 Nf6 2. c4 g6 3. Nc3 Bg7 4. e4 d6 5. f3 O-O 6. Be3 Nc6 7. Nge2 a6 8. Qd2
Rb8 9. Nc1 e5 10. d5 Nd4 11. Nb3 Nxb3 12. axb3 c5 13. b4 cxb4 14. Na4 Ne8 15.
Qxb4 f5 16. Qb6 Nc7 17. c5 fxe4 18. cxd6 Nxd5 19. Bc4 Be6 20. Qb3 Nxe3 21.
Bxe6+ Kh8 22. Qxe3 exf3 23. O-O Qxd6 24. Qb6 Qe7 25. Rxf3 Rxf3 26. gxf3 Rd8 27.
Bc4 Qh4 28. Be2 e4 29. Qe6 exf3 30. Bxf3 h6 31. Qg4 Qxg4+ 32. Bxg4 Rd2 33. Rd1
Rxd1+ 34. Bxd1 b5 35. Nc3 a5 36. Kf2 a4 37. Nxb5 Bxb2 38. Bxa4 Be5 39. Kg2 Kg7
40. Na3 h5 41. Nc4 Bf4 42. Bd1 Kh6 43. Nb6 g5 44. Nd5 Be5 45. Ne3 g4 46. Ba4
Kg5 47. Bd7 Bf4 48. Nc2 Be5 49. Ne3 Bf4 50. Nf5 h4 51. Nd4 h3+ 52. Kh1 Be5 53.
Nf5 Bf4 54. Ng7 Kf6 55. Nh5+ Kg5 56. Ng3 Bb8 57. Kg1 Kh4 58. Nf5+ Kg5 59. Bc8
Ba7+ 60. Kf1 Bb8 61. Kg1 Ba7+ 62. Kh1 Bb8 63. Bd7 Bc7 64. Ng7 Bb8 65. Ne6+ Kh4
66. Nd4 Kg5 67. Ne2 Kh4 68. Nd4 Kg5 69. Nf5 Bc7 70. Be6 Bb8 71. Kg1 Ba7+ 72.
Kf1 Bb8 73. Ng3 Kh4 74. Kf2 Ba7+ 75. Ke2 Bb8 76. Kf2 Ba7+ 77. Kf1 Bb8 78. Nf5+
Kg5 79. Kg1 Ba7+ 80. Kh1 Bb8 81. Bd7 Bc7 82. Nd4 Kh4 83. Bc8 Bb8 84. Bd7 Bc7
85. Ne6 Bb8 86. Ng7 Bc7 1/2-1/2

[Event "41. Torneo Internacional de La Roda"]
[Site "La Roda ESP"]
[Date "2014.04.19"]
[Round "6.11"]
[White "Sanchez Jerez, Emilio Miguel"]
[Black "Aguera Naredo, Javier"]
[Result "1-0"]
[WhiteElo "2213"]
[BlackElo "2362"]
[PlyCount "61"]
[EventDate "2014.04.16"]
[EventType "swiss"]
[EventRounds "9"]
[EventCountry "ESP"]
[Source "lmi"]
[SourceDate "2014.04.16"]

1. e4 d6 2. d4 Nf6 3. Nc3 g6 4. Be3 c6 5. Qd2 b5 6. f3 Nbd7 7. g4 Nb6 8. g5
Nfd7 9. b3 Bb7 10. h4 Bg7 11. h5 Rg8 12. Nge2 Qc7 13. a4 b4 14. Nd1 a5 15. Rc1
e5 16. c3 exd4 17. Nxd4 Nc5 18. cxb4 axb4 19. Qxb4 Nbd7 20. Nf2 Rb8 21. Qa3
Qa5+ 22. b4 Qxa4 23. Qxa4 Nxa4 24. Nxc6 Bxc6 25. Rxc6 Ke7 26. Nd3 Rgc8 27. Rxc8
Rxc8 28. hxg6 hxg6 29. Nf4 Rc2 30. Nd5+ Kd8 31. Rh7 1-0

[Event "41. Torneo Internacional de La Roda"]
[Site "La Roda ESP"]
[Date "2014.04.19"]
[Round "6.12"]
[White "Camarena Gimenez, Rufino"]
[Black "Suarez Gomez, Julio"]
[Result "0-1"]
[WhiteElo "2359"]
[BlackElo "2232"]
[PlyCount "70"]
[EventDate "2014.04.16"]
[EventType "swiss"]
[EventRounds "9"]
[EventCountry "ESP"]
[Source "lmi"]
[SourceDate "2014.04.16"]

1. d4 d5 2. c4 e6 3. Nc3 c6 4. e3 Nf6 5. Nf3 Nbd7 6. Qc2 Bd6 7. Bd3 dxc4 8.
Bxc4 b5 9. Bd3 Bb7 10. Ne4 Nxe4 11. Bxe4 Rc8 12. Bd2 b4 13. O-O f5 14. Bd3 c5
15. Be2 c4 16. Qa4 a5 17. Qb5 Bd5 18. Rfc1 Qb6 19. Bxc4 Rxc4 20. Qxc4 Bxc4 21.
Rxc4 O-O 22. Rac1 h6 23. Rc6 Qb8 24. Ra6 Nf6 25. Rxa5 Qb7 26. Rc4 Ra8 27. Bxb4
Rxa5 28. Bxa5 Qxb2 29. a4 Qb3 30. Rc8+ Kh7 31. h3 Qxa4 32. Be1 Qd1 33. Rc4 Ne4
34. h4 g5 35. d5 g4 0-1

[Event "41. Torneo Internacional de La Roda"]
[Site "La Roda ESP"]
[Date "2014.04.19"]
[Round "6.13"]
[White "Santos Ruiz, Miguel"]
[Black "Picazo Lopez, Juan Antonio"]
[Result "1-0"]
[WhiteElo "2344"]
[BlackElo "2205"]
[PlyCount "47"]
[EventDate "2014.04.16"]
[EventType "swiss"]
[EventRounds "9"]
[EventCountry "ESP"]
[Source "lmi"]
[SourceDate "2014.04.16"]

1. e4 d5 2. exd5 Nf6 3. Nf3 Nxd5 4. d4 g6 5. c4 Nb6 6. Nc3 Bg7 7. c5 Nd5 8. Bc4
Nxc3 9. bxc3 O-O 10. O-O Nc6 11. Re1 Bg4 12. Bg5 h6 13. Bh4 g5 14. Bg3 e5 15.
h3 Bxf3 16. Qxf3 exd4 17. cxd4 Qxd4 18. Rac1 Qf6 19. Qe4 Rfd8 20. Bd3 Rd7 21.
Rb1 Rad8 22. Re3 b6 23. Kh2 Qd4 24. Qxc6 1-0

[Event "41. Torneo Internacional de La Roda"]
[Site "La Roda ESP"]
[Date "2014.04.19"]
[Round "6.14"]
[White "Arroyo Rodriguez, Jesus"]
[Black "Navarro Ortiz De Orruno, Borja"]
[Result "1-0"]
[WhiteElo "2025"]
[BlackElo "2342"]
[PlyCount "69"]
[EventDate "2014.04.16"]
[EventType "swiss"]
[EventRounds "9"]
[EventCountry "ESP"]
[Source "lmi"]
[SourceDate "2014.04.16"]

1. e4 e6 2. d4 d5 3. Bd3 Nf6 4. e5 Nfd7 5. f4 c5 6. c3 b6 7. f5 exf5 8. Bxf5 g6
9. Bc2 Bg7 10. Nf3 O-O 11. O-O Nc6 12. Ng5 Ndb8 13. a3 Na6 14. Be3 Nc7 15. Nd2
Qe7 16. Qf3 Bd7 17. Qg3 Rac8 18. Rf2 cxd4 19. cxd4 Ne6 20. Ndf3 Na5 21. Raf1
Nc4 22. Bc1 Rc7 23. Bd3 Rcc8 24. Nxe6 Bxe6 25. Ng5 Na5 26. h4 Nc6 27. Be3 Nd8
28. h5 Bd7 29. Nxh7 Kxh7 30. hxg6+ Kg8 31. Bg5 Qe6 32. gxf7+ Rxf7 33. Qh4 Qg4
34. Bxd8 Rxf2 35. Qh7+ 1-0